000 00334 a2200133 4500
001 64575
040 _cAnchieta - Pituba
100 _aSanches, Jeane Deiró Correia
240 1 0 _a1ª Avaliação de Geografia, 7º ano
_lpor
245 1 0 _a1ª Avaliação de Geografia, 7º ano
362 0 _a2018
650 4 _aMatemática
942 _cBK
999 _c64575
_d64575